000
00252nam a2200109Ia 4500
005
20251222154404.0
008
251222s9999||||xx |||||||||||||| ||spa||
082
_a
327/B81
100
_a
"Brandt, Willy"
245
0
_a
La polética de la paz
942
_c
LIB
999
_c
35392
_d
35392